Fr. Conceicao Rodrigues College of Engineering

C for Basic programmers (Record no. 28315)

MARC details
000 -LEADER
fixed length control field 00300nam a2200145Ia 4500
082 ## - DEWEY DECIMAL CLASSIFICATION NUMBER
Classification number 1.6424
Item number BRO
100 ## - MAIN ENTRY--PERSONAL NAME
Personal name Brown/T.D
245 ## - TITLE STATEMENT
Title C for Basic programmers
260 ## - PUBLICATION, DISTRIBUTION, ETC.
Name of publisher, distributor, etc. Tata Mc Graw hill
Place of publication, distribution, etc. New Delhi
Date of publication, distribution, etc. 1988
300 ## - PHYSICAL DESCRIPTION
Extent 205
546 ## - LANGUAGE NOTE
Language note ENGLISH
654 ## - SUBJECT ADDED ENTRY--FACETED TOPICAL TERMS
Focus term C
942 ## - ADDED ENTRY ELEMENTS (KOHA)
Koha item type BOOK
Holdings
Withdrawn status Lost status Damaged status Not for loan Collection Home library Current library Shelving location Date acquired Source of acquisition Cost, normal purchase price Inventory number Total Checkouts Full call number Barcode Date last seen Cost, replacement price Price effective from Koha item type
        CRC Fr. Agnel's C.Rodrigues College of Engineering Fr. Agnel's C.Rodrigues College of Engineering   17/03/2023 Pravina books 54.00 265   1.6424 BRO 3053 17/03/2023 54.00 17/03/2023 BOOK